000 00710nam a22002057a 4500
999 _c9855
_d9855
003 AR-CdUCM
008 190328b ||||| |||| 00| 0 spa d
040 _aMUNICIPALIDAD PROVINCIAL DEL CUSCO
_cBIBLIOTECA MUNICIPAL DEL CUSCO
082 _a980 /
_bZ96 / 1937
100 _aVila, Bernardino
_926353
245 _aMadre españa /
260 _asantiago :
_bPanorama,
_c1937.
300 _a39 páginas :
_c20 cm.
505 _aContendo : Nuestra deuda con España -- Canción a los leales muertos -- Gloria y sangre -- Imprecación a la bestia fascista -- Encontrándonos ...
650 _aPoesía
_9139
650 _aLiteratura
_9416
650 _aUniversal
_918236
942 _2ddc
_cLIBROS
945 _arah